Word Ladder: One Liners IV Quiz Stats

 Plays Quiz Updated Jan 28, 2014

Support Sporcle.
Go Orange.
Score 0/14 Timer 02:00
0 Plays Today
One Liner Four Letter Word % Correct
I could agree ____ you, but then we'd both be wrong.WITH
97.5%
I won't argue with you because I refuse to have a battle of ____ with an unarmed opponent.WITS
89.2%
Hospitality is the art of making a guest feel at home even if you ____ they were.WISH
86.9%
Scientists have discovered a food that lowers a woman's sex drive by 90%. It's called wedding ____.CAKE
83.5%
I ____ myself once a year, whether I need it or not.WASH
78.1%
A parent is someone who carries photos of children where their ____ used to be.CASH
74.6%
The thing about the rat ____ is that even if you win you're still a rat.RACE
73.4%
One Liner Four Letter Word % Correct
A flashlight is a ____ for holding dead batteries.CASE
71.4%
I asked my doctor for a vasectomy. He said with a ____ like mine I don't need one.FACE
70.3%
Isn't it amazing that the amount of news in the world each day always ____ exactly in the newspaper.FITS
69.3%
Sincerity is the secret of success. If you can ____ that you've got it made.FAKE
68.7%
I'm not addicted to cocaine. I just think it smells ____.NICE
65.9%
Quitting smoking is easy! I've done it ____ times.NINE
58.9%
My grandparents were so poor they got married for the ____.RICE
57.5%

Today's Daily Dose

Missing Word
'80s Musicals

Word Ladder
Hereditary

Get the Picture
Food Names

From the Vault

Highest Charting Single on #1 Albums

by ipitydafoo

Music 10m
Maybe these singles should have spent less time trying to get high and more time on their schoolwork.
Remove Ads.
Support Sporcle.
Get the best of Sporcle when you Go Orange. This ad-free experience offers more features, more stats, and more fun while also helping to support Sporcle. Thank you for becoming a member.

Show Comments

Extras

Top Quizzes Today


Score Distribution

Your Account Isn't Verified!

In order to create a playlist on Sporcle, you need to verify the email address you used during registration. Go to your Sporcle Settings to finish the process.

Report this User

Report this user for behavior that violates our Community Guidelines.

Details: